Detalles MARC
| 000 -CABECERA |
| campo de control de longitud fija |
02088nam a22002537a 4500 |
| 003 - IDENTIFICADOR DEL NÚMERO DE CONTROL |
| campo de control |
DO-SdBNP |
| 005 - FECHA Y HORA DE LA ÚLTIMA TRANSACCIÓN |
| campo de control |
20211214140222.0 |
| 007 - CAMPO FIJO DE DESCRIPCIÓN FÍSICA--INFORMACIÓN GENERAL |
| campo de control de longitud fija |
ta |
| 008 - DATOS DE LONGITUD FIJA--INFORMACIÓN GENERAL |
| campo de control de longitud fija |
211124b2019 dr ac||| |||| 00| 0 spa d |
| 020 ## - NÚMERO INTERNACIONAL ESTÁNDAR DEL LIBRO |
| Número Internacional Estándar del Libro |
9789945804607 |
| 040 ## - FUENTE DE LA CATALOGACIÓN |
| Centro catalogador/agencia de origen |
DO-SdBNP |
| Lengua de catalogación |
spa |
| Centro/agencia transcriptor |
BNPHU |
| 100 1# - ENTRADA PRINCIPAL--NOMBRE DE PERSONA |
| Nombre de persona |
Sánchez Leguizamón, Pedro |
| 9 (RLIN) |
80727 |
| 245 ## - MENCIÓN DE TÍTULO |
| Título |
Relaciones diplomáticas y consulares entre Paraguay y la República Dominicana / |
| Mención de responsabilidad, etc. |
Pedro Sánchez Leguizamón, Lucy Arraya ; prólogo Alejandra V. Liriano. |
| 260 ## - PUBLICACIÓN, DISTRIBUCIÓN, ETC. |
| Lugar de publicación, distribución, etc. |
Santo Domingo : |
| Nombre del editor, distribuidor, etc. |
Búho, |
| Fecha de publicación, distribución, etc. |
2019 |
| 300 ## - DESCRIPCIÓN FÍSICA |
| Extensión |
207 p. : |
| Otras características físicas |
il., retrs. ; |
| Dimensiones |
23 cm. |
| 500 ## - NOTA GENERAL |
| Nota general |
Incluye datos biográficos de los autores en las solapas |
| 504 ## - NOTA DE BIBLIOGRAFÍA, ETC. |
| Nota de bibliografía, etc. |
Bibliografía : p. 203-207 |
| 505 0# - NOTA DE CONTENIDO CON FORMATO |
| Nota de contenido con formato |
Cuadros y figuras – Dedicatoria – Agradecimientos – Prólogo -- Comentario introductorio -- A modo de introducción -- Primera parte. Breve reseña histórica. Un ilustre visitante dominicano en Asunción - 1921 -- Semblanzas de la historia y política exterior del Paraguay -- Semblanzas de la historia y política exterior de la República Dominicana -- Planes afines de las Cancillerías nacionales -- Evolución de las relaciones diplomáticas y consulares entre ambos países -- Comunicaciones significativas intercambiadas desde 1887 a 1998 -- Evolución histórica de las representaciones diplomáticas y consulares -- Condecoraciones y honores de la República Dominicana y República del Paraguay -- Segunda parte. Presente y futuro. Apertura de la Embajada del Paraguay en la República Dominicana -- Apoyos a las candidaturas presentadas por ambos países -- Fuerza Interamericana de Paz en la República Dominicana (1965). La participación paraguaya -- Relaciones comerciales entre el Paraguay y la República Dominicana -- Visitas oficiales -- Intercambio cultural entre ambos países --Poema canción dedicado a la República Dominicana -- Fuentes bibliográficas y documentales. |
| 590 ## - NOTA LOCAL (RLIN) |
| Nota local |
Inventariado, 2021 /LP<br/><br/><br/> |
| 700 1# - PUNTO DE ACCESO ADICIONAL--NOMBRE DE PERSONA |
| Nombre de persona |
Arraya, Lucy |
| 9 (RLIN) |
80100 |
| 700 1# - PUNTO DE ACCESO ADICIONAL--NOMBRE DE PERSONA |
| Nombre de persona |
Liriano, Alejandra V. |
| Término indicativo de función/relación |
prólogo |
| 9 (RLIN) |
80728 |
| 910 ## - DATOS DE OPCIÓN DEL USUARIO (OCLC) |
| Datos de opción del usuario |
Lopérez. |
| 942 ## - ELEMENTOS DE PUNTO DE ACCESO ADICIONAL (KOHA) |
| Fuente del sistema de clasificación o colocación |
Dewey Decimal Classification |
| Tipo de ítem Koha |
Libro |